| 000 | 00613nam a2200193Ii 4500 | ||
|---|---|---|---|
| 003 | JO-AjNU | ||
| 008 | 230605s9999||||xx |||||||||||||| ||und|| | ||
| 040 |
_aJO-AjNU _bara _erda _cJO-AjNU |
||
| 041 | _aara | ||
| 050 | 1 | 4 | _aQM23.2 1981 |
| 100 | 3 |
_aنوري، ماجدة عبدالرضا, _eauthor _938435 |
|
| 245 | 0 | 0 | _aعلم تقنية وتحضير الشرائح المجهرية |
| 264 | 3 | 1 | _aبغداد:مطبعة بغداد ، 1981 |
| 300 | _a254ص | ||
| 336 |
_atext _btxt _2rdacontent |
||
| 337 |
_aunmediated _bn _2rdamedia |
||
| 338 |
_avolume _bnc _2rdacarrier |
||
| 650 | 4 |
_aالتشريح _938436 |
|
| 999 |
_aA16148 _c19716 _d19716 |
||